拼音M/N开头的中国县级行政区County-Level Regions Starts with Pinyin M/N in China - Statistics

General Stats
  • This quiz has been taken 52 times
  • The average score is 87 of 171
Answer Stats
答案 % Correct
南山区(鹤岗市)
85%
南山区(深圳市)
85%
梅县区
82%
嫩江市
82%
芒市
79%
南安市
79%
南城县
79%
讷河市
79%
宁安市
79%
宁海县
79%
门源回族自治县
76%
闽清县
76%
南海区
76%
农安县
76%
麻城市
73%
勉县
73%
闽侯县
73%
梅江区
70%
勐腊县
70%
密山市
70%
绵竹市
70%
牟平区
70%
南丰县
70%
南沙区(广州市)
70%
南沙区(三沙市)
70%
南县
70%
勐海县
67%
孟州市
67%
漠河市
67%
南部县
67%
南湖区
67%
宁化县
67%
宁乡市
67%
马山县
64%
蒙城县
64%
孟津区
64%
渑池县
64%
民和回族土族自治县
64%
岷县
64%
名山区
64%
宁河区
64%
麻山区
61%
满城区
61%
茫崖市
61%
茂县
61%
眉县
61%
米林市
61%
冕宁县
61%
南岸区
61%
南江县
61%
宁江区
61%
宁武县
61%
民乐县
58%
乃东区
58%
南靖县
58%
南开区
58%
南康区
58%
南陵县
58%
南雄市
58%
尼玛县
58%
尼木县
58%
宁城县
58%
宁国市
58%
宁强县
58%
宁远县
58%
麻阳苗族自治县
55%
茂南区
55%
民丰县
55%
明光市
55%
明山区
55%
纳溪区
55%
南昌县
55%
南溪区
55%
囊谦县
55%
宁阳县
55%
麻章区
52%
玛多县
52%
蒙山县
52%
闵行区
52%
南宫市
52%
南岳区
52%
宁都县
52%
宁津县
52%
宁晋县
52%
宁陕县
52%
宁县
52%
蒙阴县
48%
弥渡县
48%
弥勒市
48%
米脂县
48%
墨玉县
48%
牟定县
48%
那坡县
48%
南川区
48%
南华县
48%
宁蒗彝族自治县
48%
宁南县
48%
麻江县
45%
马龙区
45%
墨江哈尼族自治县
45%
穆棱市
45%
南和区
45%
南明区
45%
南浔区
45%
南召县
45%
碾子山区
45%
宁陵县
45%
宁明县
45%
马尔康市
42%
马关县
42%
玛沁县
42%
芒康县
42%
梅河口市
42%
民勤县
42%
民权县
42%
南乐县
42%
南皮县
42%
南票区
42%
南漳县
42%
聂拉木县
42%
麻栗坡县
39%
马边彝族自治县
39%
马尾区
39%
麦盖提县
39%
美兰区
39%
蒙自市
39%
孟连傣族拉祜族佤族自治县
39%
米东区
39%
明水县
39%
明溪县
39%
牡丹区
39%
木兰县
39%
木里藏族自治县
39%
沐川县
39%
南关区
39%
聂荣县
39%
玛曲县
36%
满洲里市
36%
茅箭区
36%
湄潭县
36%
美姑县
36%
孟村回族自治县
36%
米易县
36%
密云区
36%
牧野区
36%
南岔县
36%
南岗区
36%
南涧彝族自治县
36%
南郑区
36%
内乡县
36%
马村区
33%
麦积区
33%
汨罗市
33%
奈曼旗
33%
南澳县
33%
内丘县
33%
墨脱县
30%
纳雍县
30%
南丹县
30%
南芬区
30%
南谯区
30%
内黄县
30%
莫力达瓦达斡尔族自治旗
27%
南木林县
27%
木垒哈萨克自治县
24%
宁洱哈尼族彝族自治县
24%
墨竹工卡县
21%
门头沟区
18%
梅里斯达斡尔族区
15%
尼勒克县
12%
玛纳斯县
9%
No matching quizzes found
Score Distribution
Percent of People with Each Score
Percentile by Number Answered
Your Score History
You have not taken this quiz